000 01851nam a2200469Ii 4500
001 DIGVEDIV0079
003 NyNyDIG
008 140520t20122012sp ob 000 0 spa d
006 m o d
007 cr |||||||||||
035 _a(OCoLC)849366207
040 _aDGITA
_beng
_erda
_epn
_cDGITA
020 _a9788499452739
_q(eBook ;
_qpdf)
020 _a8499452736
_q(eBook ;
_qpdf)
020 _a9788499454115
_q(eBook ;
_qePub)
020 _a8499454119
_q(eBook ;
_qePub)
020 _z9788499452371
020 _z849945237X
050 1 4 _aBS617.8 eBook
100 1 _aCalduch-Benages, Núria,
_eauthor.
245 1 0 _aSaboreando la palabra :
_bsobre la lectura orante o creyente (lectio divina) /
_cNuria Calduch-Benages.
264 1 _aEstella (Navarra), España :
_bEditorial Verbo Divino,
_c[2012]
264 4 _c©2012
300 _a1 online resource (115 pages)
336 _atext
_btxt
_2rdacontent
337 _acomputer
_bc
_2rdamedia
338 _aonline resource
_bcr
_2rdacarrier
490 1 _aColección "El mundo de la Biblia". Serie "Horizontes" ;
_v11
504 _aIncludes bibliographical references (pages [109]-112).
588 0 _aOnline resource; title from ePub and PDF title page (Digitalia, viewed May 23, 2014)
630 0 0 _aBible
_xDevotional use.
630 0 0 _aBible
_xReading.
650 0 _aPrayer
_xCatholic Church.
655 0 _aElectronic books.
791 2 _aDigitalia (Firm),
_edistributor.
793 0 _gDigitalia eBook Collection:
_aEditorial Verbo Divino.
776 0 8 _iPrint version:
_aCalduch-Benages, Nuria.
_tSaboreando la palabra.
_dEstella (Navarra) : Editorial Verbo Divino, 2012
_z9788499452371
830 0 _aMundo de la Biblia.
_pHorizontes ;
_v11.
856 4 0 _3Digitalia Hispánica
_uhttps://www.digitaliapublishing.com/a/14852/
910 _aPremium Collection: 2013
942 _cRAA
999 _c233782
_d233782